| 000 | 00584nam a2200181 i 4500 | ||
|---|---|---|---|
| 001 | 50498 | ||
| 003 | ES-MaACL | ||
| 005 | 20230906162206.0 | ||
| 007 | t| | ||
| 008 | 030805s1954 sp ||||1| spa d | ||
| 100 | 1 |
_aCuadrillero Gómez, T. _941907 |
|
| 245 | 1 | 0 |
_aContabilidad general / _cT. Cuadrillero Gómez. |
| 260 |
_aMadrid : _b[s.n., _c1954] ( _fSuc. Rivadeneyra) |
||
| 300 |
_a175 p., 1 h. pleg. ; _c21 cm. |
||
| 500 | _aPrecede al tít.: Consejo Superior Bancario. Instituto Bancario. | ||
| 710 | 2 |
_aConsejo Superior Bancario (España) _9151695 |
|
| 852 |
_aES-MaACL _jC-8393 |
||
| 999 |
_c50498 _d50498 |
||